| 000 | 00411nam a2200169Ia 4500 | ||
|---|---|---|---|
| 008 | 230524s9999 xx 000 0 und d | ||
| 020 | _a8120309251 | ||
| 082 |
_a4.16 _bBLA |
||
| 100 | _aUyless D.Black | ||
| 245 | 0 | _aData Communications and Distributed Networks | |
| 250 | _a3RD | ||
| 260 |
_aNEW DELHI _bPHI _c2003 |
||
| 300 | _aXVI;426 | ||
| 500 | _aQuantity Number: 3 | ||
| 650 | _aComp-Sc | ||
| 942 | _cBK | ||
| 999 |
_c6727 _d6727 |
||